00351nam a2200133Ia 4500003000400000005001700004008004100021040000600062082001900068100002900087245005700116260003400173300001000207OSt20250809101051.0250310s9999||||xx |||||||||||||| ||und|| c. a891.5511bA954 aAvery, PetereTranslator 0aHafiz of Shiraz /cPeter Avery and John Heath Stubbs aLondon :bJohn Murray,c1952. a66 p.